| 000 | 00900nam a22002417a 4500 | ||
|---|---|---|---|
| 003 | OSt | ||
| 005 | 20260512154206.0 | ||
| 008 | 260512b |||||||| |||| 00| 0 eng d | ||
| 020 | _a9780241642368 | ||
| 040 | _aKenya National Library Service | ||
| 082 | _a649.51 LAD | ||
| 110 | _aLadybird Books. | ||
| 245 |
_aLittle world : _bon the train : a push-and-pull adventure. |
||
| 300 |
_a1 volume (unpaged) : _bcolour illustrations ; _c18 cm. |
||
| 500 | _aBoard book with interactive push-and-pull mechanisms. | ||
| 520 | _aA tactile board book introducing young children to a train journey through simple interactive push-and-pull mechanisms and colorful illustrations. | ||
| 521 | _aFor toddlers and early childhood (age 2+). | ||
| 650 | _aBoard books. | ||
| 650 | _aEarly childhood education. | ||
| 942 |
_2ddc _cBK _n0 |
||
| 999 |
_c492731 _d492731 |
||